Noite dentro, Moçambique e outras narrativas/
Saved in:
| Main Author: | |
|---|---|
| Format: | Book |
| Language: | English |
| Published: |
Edicoes ASA II,
2009
|
| Tags: |
Add Tag
No Tags, Be the first to tag this record!
|
MARC
| LEADER | 00000nam a22000007a 4500 | ||
|---|---|---|---|
| 008 | 210427b ||||| |||| 00| 0 eng d | ||
| 020 | |a 978-989-23-0477-9 | ||
| 100 | |a GAUDÉ, Laurent | ||
| 245 | |a Noite dentro, Moçambique |b e outras narrativas/ |c Laurent Gaude.- Alfragide |g 135p | ||
| 260 | |b Edicoes ASA II, |c 2009 |h Alfragide, Portugal |i 675129 |l PQ9101 .G23 |m Portuguese prose literature. | ||
| 942 | |a lcc |c BK |e Adekanye, I. H. |f 27/04/2021 | ||
| 952 | |0 0 |1 0 |2 lcc |4 0 |6 PQ9101 G23 |7 0 |9 2351 |a HOL |b HOL |c QZ |d 2021-04-27 |l 0 |o PQ9101 .G23 |p 2021-6205 |r 2021-04-27 00:00:00 |w 2021-04-27 |y BK | ||
| 999 | |c 1213 |d 1213 | ||